Statistics for Animal Close-Ups #2

Click here to take the quiz!

General Stats

  • This quiz has been taken 28 times
  • The average score is 9 of 12

Answer Stats

Answer% Correct
Deer
100%
Zebra
100%
Bald Eagle
96%
Lion
96%
Black Bear
91%
Moose
87%
Skunk
87%
Anteater
83%
Warthog
61%
Humpback Whale
57%
African Water Buffalo
48%
Possom
17%

Score Distribution

Percentile by Number Answered

Percent of People with Each Score

Your Score History

You have not taken this quiz